[Event "Luxembourg-chT 1314"]
[Site "Luxembourg"]
[Date "2013.10.05"]
[Round "1"]
[White "Mossong, Hubert"]
[Black "Jadin, Yves"]
[Result "0-1"]
[WhiteElo "2159"]
[BlackElo "1831"]
[PlyCount "102"]
[EventDate "2013.10.05"]
[EventType "team-tourn"]
[EventRounds "10"]
[EventCountry "LUX"]
[SourceTitle "EXT 2017"]
[Source "ChessBase"]
[SourceDate "2016.10.25"]
[SourceVersion "1"]
[SourceVersionDate "2016.10.25"]
[SourceQuality "1"]

1. e4 e5 2. Nf3 d6 3. Bc4 Be7 4. h3 Nf6 5. d3 0-0 6. Nc3 a6 7. a4 Nc6 8. 0-0 Bd7 9. Be3 Qc8 10. Nh2 Be6 11. f3 Bxc4 12. dxc4 Nd8 13. Qd3 Ne6 14. Nd5 Qd8 15. Rfd1 Nxd5 16. cxd5 Nf4 17. Qd2 Ng6 18. a5 f5 19. Ra4 f4 20. Bf2 Bh4 21. Rb4 Bxf2+ 22. Qxf2 Qc8 23. Rd3 Rf7 24. Nf1 Nf8 25. Rdb3 Nd7 26. Nd2 Nc5 27. Rc3 Rb8 28. Rbc4 b5 29. axb6 cxb6 30. b4 b5 31. Rxc5 dxc5 32. bxc5 b4 33. Rd3 a5 34. Nc4 Qa6 35. Nxe5 a4 36. Qd4 b3 37. cxb3 axb3 38. Rd1 b2 39. Rb1 Qa2 40. Qd1 Ra7 41. Kh2 Qxb1 42. Qxb1 Ra1 43. Qxb2 Rxb2 44. Nd3 Rc2 45. h4 Ra3 46. Nxf4 Rxf3 47. Ne6 Rff2 48. c6 Rxg2+ 49. Kh3 Rge2 50. d6 Rc3+ 51. Kg4 Rxe4+ 0-1

[Event "Korbach Goldflair op 1st"]
[Site "Korbach"]
[Date "2013.05.05"]
[Round "4"]
[White "Jadin, Yves"]
[Black "Ackermann, Emil"]
[Result "1-0"]
[WhiteElo "1823"]
[BlackElo "1735"]
[PlyCount "115"]
[EventDate "2013.05.03"]
[EventType "swiss"]
[EventRounds "5"]
[EventCountry "GER"]
[SourceTitle "CBM 154 Extra"]
[Source "ChessBase"]
[SourceDate "2013.06.25"]
[SourceVersion "2"]
[SourceVersionDate "2013.06.25"]
[SourceQuality "1"]

1. Nf3 Nf6 2. d4 g6 3. Bg5 Bg7 4. e3 0-0 5. Bd3 d6 6. Bxf6 Bxf6 7. h4 Bg4 8. Nbd2 Nc6 9. c3 e5 10. d5 Ne7 11. Qb3 c6 12. c4 Rb8 13. Ne4 Bg7 14. Nh2 Bc8 15. 0-0-0 f5 16. Nc3 e4 17. Bc2 c5 18. f3 exf3 19. Nxf3 h6 20. e4 fxe4 21. Bxe4 Nf5 22. Bxf5 Bxf5 23. Rde1 a6 24. a4 Qa5 25. Re7 b5 26. cxb5 axb5 27. Nxb5 c4 28. Rxg7+ Kxg7 29. Qc3+ Qxc3+ 30. Nxc3 Rfe8 31. Nd4 Re3 32. Nxf5+ gxf5 33. Rf1 Kg6 34. Rf4 Rg3 35. Rxc4 Rxg2 36. b4 Re8 37. b5 Re1+ 38. Nd1 Ra2 39. Rd4 Ree2 40. Kb1 Ra3 41. Rb4 Re1 42. Kb2 Rd3 43. Nc3 Ree3 44. b6 Rxc3 45. b7 Rc7 46. b8Q Re2+ 47. Ka3 Rcc2 48. Rb3 Ra2+ 49. Kb4 Re4+ 50. Kb5 Rexa4 51. Qe8+ Kh7 52. Qf7+ Kh8 53. Qf6+ Kh7 54. Qxf5+ Kh8 55. Rb4 Ra5+ 56. Kc6 Ra8 57. Qf6+ Kh7 58. Rb7+ 1-0

[Event "Luxembourg-chT 1314"]
[Site "Luxembourg"]
[Date "2013.??.??"]
[Round "2"]
[White "Barthel, Ansgar"]
[Black "Jadin, Yves"]
[Result "1/2-1/2"]
[WhiteElo "2245"]
[BlackElo "1831"]
[PlyCount "76"]
[EventDate "2013.10.05"]
[EventType "team-tourn"]
[EventRounds "10"]
[EventCountry "LUX"]
[SourceTitle "EXT 2017"]
[Source "ChessBase"]
[SourceDate "2016.10.25"]
[SourceVersion "1"]
[SourceVersionDate "2016.10.25"]
[SourceQuality "1"]

1. e4 e5 2. Nf3 d6 3. d4 exd4 4. Qxd4 Nf6 5. Nc3 Be7 6. Bg5 0-0 7. 0-0-0 Nc6 8. Qd2 Bg4 9. h3 Bh5 10. g4 Bg6 11. Bd3 Nb4 12. Kb1 h6 13. Be3 Nxd3 14. cxd3 a5 15. Nd4 d5 16. e5 Nd7 17. Bf4 c6 18. Nf5 Bg5 19. h4 Bxf4 20. Qxf4 Nc5 21. Ne2 Ne6 22. Qd2 f6 23. Nfd4 Nxd4 24. Nxd4 Qe7 25. e6 c5 26. Nf5 Qxe6 27. Rhe1 Qa6 28. Ne7+ Kh7 29. Nxd5 Rad8 30. Nf4 Bf7 31. Qc2 Qd6 32. Qc1 Rfe8 33. h5 Qd4 34. Rxe8 Rxe8 35. Qd2 b5 36. f3 Re3 37. Ne2 Qe5 38. Ng1 Qe6 1/2-1/2